00670 2200241 4500001002100000005001700021008004100038020002200079035002500101040001200126082001400138084001600152100002000168245007300188250001100261260003300272300003200305504003100337650001700368700001300385850001200398990001800410INLIS00000000001227320151008093345.0  a978-602-978-607-1 a0010-091500000000786 aYOPDYOG 223a615.8 a615.8 Asa J aAS ADI Muhammad aJangan abaikan jalan kaki!c/ As ad Muhammad; editor, A. S. Sudjatna aCet. 1 aJogjakartabDiva Pressc2011 a148 hlm.b: Ilus.c; 20 cm. aBibliografi : hlm. 147-148 aTerapi Fisik aSUDJATNA aYOPDYOG a50408-PD/A.15